[Event "ICS Rated bullet match"]
[Site "204.178.125.65"]
[Date "2000.02.16"]
[Round "?"]
[White "REDSTAR"]
[Black "Hossa"]
[Result "0-1"]
[WhiteElo "2196"]
[BlackElo "2490"]
[PlyCount "104"]

1. e4 e5 2. Nc3 Nf6 3. Nf3 Nc6 4. Bb5 Bb4 5. Bxc6 bxc6 6. O-O d6 7. h3 Bxc3 8.
bxc3 Nxe4 9. d4 O-O 10. dxe5 Ba6 11. Re1 Nxc3 12. Qd4 Ne2+ 13. Rxe2 Bxe2 14.
Qe3 Bxf3 15. Qxf3 dxe5 16. Be3 Qd5 17. Qe2 Rfb8 18. Rd1 Qxa2 19. Kh2 Rb2 20.
Rd2 e4 21. Bd4 e3 22. Bxe3 Re8 23. Qd3 g6 24. Bd4 Rb1 25. Bc3 Rbe1 26. Qd4 f6
27. Qxf6 Rh1+ 28. Kg3 Rxh3+ 29. Kxh3 Qe6+ 30. Qxe6+ Rxe6 31. Rd8+ Kf7 32. Rd7+
Re7 33. Rxc7 Rxc7 34. Bd4 Rd7 35. c3 a5 36. Bc5 Rd3+ 37. g3 Rxc3 38. Bd6 Rd3
39. Bc5 Rd5 40. Ba3 a4 41. Kg2 h5 42. Bb4 c5 43. Ba3 c4 44. Kf3 Rd3+ 45. Ke4
Rxa3 46. f4 Rxg3 47. f5 gxf5+ 48. Ke5 Rd3 49. Kf4 Ke6 50. Kg5 Rf3 51. Kh4 Kf6
52. Kxh5 Rh3# 0-1

[Event "ICS rated bullet match"]
[Site "204.178.125.65"]
[Date "2000.02.16"]
[Round "?"]
[White "Hossa"]
[Black "REDSTAR"]
[Result "1-0"]
[WhiteElo "2505"]
[BlackElo "2181"]
[PlyCount "27"]

1. e4 e5 2. Nf3 d6 3. d4 exd4 4. Nxd4 a6 5. Bd3 Nf6 6. O-O Be7 7. Nc3 O-O 8.
Bg5 Nbd7 9. Nf5 h6 10. Nxe7+ Qxe7 11. Nd5 Qe6 12. Nxc7 Qe5 13. Bxf6 Nxf6 14.
Nxa8 1-0

[Event "ICS rated bullet match"]
[Site "204.178.125.65"]
[Date "2000.02.16"]
[Round "?"]
[White "REDSTAR"]
[Black "Hossa"]
[Result "0-1"]
[WhiteElo "2177"]
[BlackElo "2509"]
[PlyCount "92"]

1. d4 d5 2. h3 e6 3. Nf3 Nf6 4. c3 Bd6 5. e3 O-O 6. Bd3 c5 7. O-O Nc6 8. b3
cxd4 9. cxd4 Nb4 10. Be2 Qc7 11. Nbd2 Bd7 12. Ba3 Rac8 13. Rc1 Qa5 14. Rxc8
Rxc8 15. Bxb4 Bxb4 16. a4 Qc7 17. Bd3 Qc3 18. Qe2 a6 19. Rd1 Qb2 20. Rb1 Qa2
21. Qd1 Rc3 22. Be2 Rc2 23. Ra1 Qb2 24. Rb1 Qc3 25. Nf1 Ra2 26. Rc1 Qb2 27. Ng3
Ba3 28. Rc7 Bd6 29. Rc1 Bxg3 30. fxg3 Qxe2 31. Qf1 Qxe3+ 32. Kh2 Qxb3 33. Re1
Qxa4 34. Re3 Qc2 35. Re2 Qxe2 36. Qxe2 Rxe2 37. Ne5 Bb5 38. Nd3 Bxd3 39. g4 Ne4
40. h4 Bc2 41. Kh3 Bd1 42. h5 Bc2 43. Kh4 Re3 44. g3 Rxg3 45. h6 g5+ 46. Kh5
Rh3# 0-1

[Event "ICS rated bullet match"]
[Site "204.178.125.65"]
[Date "2000.02.16"]
[Round "?"]
[White "REDSTAR"]
[Black "Hossa"]
[Result "0-1"]
[WhiteElo "2169"]
[BlackElo "2517"]
[PlyCount "28"]

1. e4 e5 2. Nf3 Nc6 3. Nc3 Nf6 4. h3 Bb4 5. Bc4 O-O 6. O-O Nxe4 7. Nxe4 d5 8.
c3 dxe4 9. cxb4 exf3 10. Qxf3 Nxb4 11. d3 Nc2 12. Rb1 Qd6 13. Qg3 Nd4 14. Bd2
Ne2+ 0-1

[Event "ICS Rated bullet match"]
[Site "204.178.125.65"]
[Date "2000.02.16"]
[Round "?"]
[White "Hossa"]
[Black "Frakir"]
[Result "1-0"]
[WhiteElo "2529"]
[BlackElo "2156"]
[PlyCount "91"]

1. d4 d5 2. c3 c6 3. e3 f5 4. Nf3 Nf6 5. c4 e6 6. Be2 Be7 7. O-O O-O 8. Qc2
Nbd7 9. cxd5 Nxd5 10. Nc3 N7f6 11. Ne5 Qe8 12. Bd2 Nxc3 13. bxc3 Nd7 14. f4
Nxe5 15. fxe5 Qg6 16. Rf3 Bd7 17. Raf1 Bd8 18. e4 Bb6 19. exf5 exf5 20. Bc4+
Kh8 21. Be3 Rae8 22. Qf2 Be6 23. Bxe6 Qxe6 24. Bc1 h6 25. Bf4 Rf7 26. g3 Ref8
27. a3 Kh7 28. a4 g6 29. Be3 a5 30. Bf4 Ba7 31. Be3 c5 32. Bf4 Qd5 33. dxc5
Bxc5 34. Be3 Be7 35. Bd4 Ba3 36. c4 Qc6 37. Rxa3 Qxc4 38. Bb6 Qd5 39. Re3 Re7
40. Qf4 Rxe5 41. Rxe5 Qc6 42. Re7+ Kg8 43. Qd4 Rf7 44. Qd8+ Kg7 45. Bd4+ Kh7
46. Rxf7# 1-0

[Event "ICS Rated bullet match"]
[Site "204.178.125.65"]
[Date "2000.02.16"]
[Round "?"]
[White "Hossa"]
[Black "Frakir"]
[Result "1-0"]
[WhiteElo "2535"]
[BlackElo "2150"]
[PlyCount "34"]

1. d4 d5 2. c3 f5 3. e3 Nf6 4. Nf3 e6 5. Be2 Bd6 6. O-O O-O 7. c4 Nbd7 8. cxd5
Nxd5 9. Nc3 Kh8 10. Bd2 N7f6 11. Nxd5 exd5 12. Qb3 c6 13. Ne5 Ne4 14. Bc1 h6
15. Ng6+ Kh7 16. Nxf8+ Qxf8 17. f3 Qf7 1-0

[Event "ICS Rated bullet match"]
[Site "204.178.125.65"]
[Date "2000.02.16"]
[Round "?"]
[White "Frakir"]
[Black "Hossa"]
[Result "0-1"]
[WhiteElo "2147"]
[BlackElo "2538"]
[PlyCount "34"]

1. e3 e5 2. d3 d5 3. g3 Nf6 4. Ne2 Bb4+ 5. Nd2 O-O 6. a3 Be7 7. Bg2 Be6 8. b3
Nc6 9. Bb2 Qd7 10. Qc1 Bh3 11. Bf1 Bxf1 12. Nxf1 Rfe8 13. Qd2 Qf5 14. Qd1 Qf3
15. Rg1 Ng4 16. Kd2 Nxf2 17. Qe1 Nh3 0-1

[Event "ICS Rated bullet match"]
[Site "204.178.125.65"]
[Date "2000.02.16"]
[Round "?"]
[White "Hossa"]
[Black "Frakir"]
[Result "1-0"]
[WhiteElo "2541"]
[BlackElo "2144"]
[PlyCount "51"]

1. d4 d6 2. c4 e6 3. e4 g6 4. Nf3 Bg7 5. Be2 h5 6. O-O b6 7. Bg5 Ne7 8. Nc3 Bb7
9. Qa4+ Nd7 10. Bh4 Kf8 11. Rad1 Qe8 12. Nb5 Qb8 13. Nxd6 cxd6 14. Qxd7 Nc6 15.
Ng5 Qe8 16. Qxb7 Rc8 17. Nf3 Kg8 18. Bg5 Kh7 19. Bf4 f6 20. Bxd6 Ne7 21. Bxe7
Rb8 22. Qxa7 Ra8 23. Qc7 Rc8 24. Qa7 Rb8 25. Bxf6 Ra8 26. Qxg7# 1-0

[Event "ICS Rated bullet match"]
[Site "204.178.125.65"]
[Date "2000.02.16"]
[Round "?"]
[White "Frakir"]
[Black "Hossa"]
[Result "1/2-1/2"]
[WhiteElo "2166"]
[BlackElo "2519"]
[PlyCount "56"]

1. e3 e5 2. d3 d5 3. Nd2 Nf6 4. b3 Nc6 5. a3 Bc5 6. Bb2 O-O 7. Ne2 d4 8. e4 Bg4
9. f3 Be6 10. Ng3 a5 11. Be2 Qd6 12. O-O Rfe8 13. Qe1 b5 14. Qd1 Rad8 15. Qe1
a4 16. b4 Ba7 17. Kh1 Bb6 18. Qf2 g5 19. Qe1 Bd7 20. Qf2 Be6 21. Qe1 Bc8 22.
Qf2 Be6 23. Qe1 Qf8 24. Qf2 Qh6 25. Qe1 Qh4 26. Qf2 Qh6 27. Qe1 Qh4 28. Qf2 Qh6
1/2-1/2

[Event "ICS Rated bullet match"]
[Site "204.178.125.65"]
[Date "2000.02.16"]
[Round "?"]
[White "Hossa"]
[Black "Frakir"]
[Result "1/2-1/2"]
[WhiteElo "2507"]
[BlackElo "2178"]
[PlyCount "96"]

1. d4 d6 2. c4 e6 3. e4 Ne7 4. Nf3 g6 5. Be2 Bg7 6. O-O h6 7. Nc3 Bd7 8. Qb3
Bc8 9. Be3 Nd7 10. Rad1 b6 11. Rfe1 Kf8 12. a3 Rb8 13. Qa4 Ra8 14. Nb5 a6 15.
b3 Bb7 16. c5 axb5 17. Qb4 c6 18. cxd6 Nc8 19. Bf4 Kg8 20. Bd3 Kh7 21. e5 c5
22. dxc5 bxc5 23. Qxb5 Ba6 24. Qc6 Bxd3 25. Qxa8 Bf5 26. g3 Ncb6 27. Qxd8 Rxd8
28. b4 cxb4 29. axb4 Nd5 30. Rd4 Nxf4 31. gxf4 g5 32. fxg5 hxg5 33. Nxg5+ Kg6
34. Nf3 Rb8 35. Nh4+ Kg5 36. Nxf5 Kxf5 37. f4 Bh6 38. Rf1 f6 39. exf6 Nxf6 40.
b5 Ne4 41. Re1 Nf6 42. Re5+ Kg6 43. d7 Rd8 44. Rxe6 Rxd7 45. Rxd7 Bxf4 46. Rd4
Kf5 47. Rxf6+ Kxf6 48. Rxf4+ Ke5 1/2-1/2

[Event "ICS Rated blitz match"]
[Site "204.178.125.65"]
[Date "2000.02.16"]
[Round "?"]
[White "PostModernist"]
[Black "Hossa"]
[Result "1/2-1/2"]
[WhiteElo "2561"]
[BlackElo "2490"]
[PlyCount "170"]

1. e4 e5 2. Nf3 Nc6 3. Bb5 Nf6 4. Nc3 a6 5. Ba4 b5 6. Bb3 Bc5 7. O-O O-O 8. d3
h6 9. Nd5 d6 10. Be3 Ba7 11. Bxa7 Rxa7 12. a4 b4 13. c3 Rb7 14. Nxf6+ Qxf6 15.
Bd5 Bd7 16. Rc1 b3 17. Nd2 Rfb8 18. Re1 g6 19. Re3 Be8 20. Rf3 Qh4 21. Rh3 Qf4
22. g3 Qf6 23. Rxh6 Ra7 24. Qg4 Ne7 25. Ra1 Nxd5 26. exd5 Qg7 27. Qg5 f6 28.
Qe3 Rab7 29. Rh4 g5 30. Rc4 Bd7 31. Re1 f5 32. Nf3 f4 33. Qe4 fxg3 34. fxg3 Rf8
35. d4 exd4 36. Nxd4 Qf7 37. Ne6 Qf2+ 38. Kh1 Rf5 39. Nxc7 Bxa4 40. Rxa4 Rxc7
41. Rxa6 Rf6 42. Qe2 Rd7 43. Ra8+ Kg7 44. Rb8 Qf5 45. Qg2 Rdf7 46. Rxb3 Qd3 47.
Kg1 Rf3 48. Rb8 Qxd5 49. Qh3 Qc5+ 50. Kh1 Rf1+ 51. Qxf1 Rxf1+ 52. Rxf1 Qd5+ 53.
Kg1 Qd2 54. Rb4 Qe2 55. h4 Qe3+ 56. Kg2 Kg6 57. hxg5 Qd2+ 58. Rf2 Qd5+ 59. Rf3
Kxg5 60. Rd4 Qb3 61. Rf2 Qb7+ 62. Kg1 Qe7 63. Rfd2 Qa7 64. Kg2 Qa8+ 65. Rd5+
Kg6 66. g4 Kg7 67. Kg3 Qa7 68. R5d4 d5 69. g5 Qb8+ 70. Kg2 Qe8 71. Rxd5 Qe4+
72. Kf2 Qf4+ 73. Ke1 Qe4+ 74. Kd1 Qb1+ 75. Ke2 Qe4+ 76. Kd1 Qb1+ 77. Ke2 Qe4+
78. Kf1 Qf3+ 79. Kg1 Qg3+ 80. Rg2 Qe1+ 81. Kh2 Qh4+ 82. Kg1 Qe1+ 83. Kh2 Qh4+
84. Kg1 Qe1+ 85. Kh2 Qh4+ 1/2-1/2

[Event "ICS Rated blitz match"]
[Site "204.178.125.65"]
[Date "2000.02.16"]
[Round "?"]
[White "Hossa"]
[Black "PostModernist"]
[Result "0-1"]
[WhiteElo "2493"]
[BlackElo "2558"]
[PlyCount "133"]

1. e4 c5 2. Nf3 e6 3. d4 cxd4 4. Nxd4 a6 5. Nc3 Nc6 6. Be2 Qc7 7. Be3 Nf6 8.
O-O Bb4 9. Na4 O-O 10. Nxc6 bxc6 11. Nb6 Rb8 12. Nxc8 Rfxc8 13. Bxa6 Rf8 14.
Bd3 Bd6 15. Kh1 Be5 16. c3 Rxb2 17. Qc1 Ng4 18. f4 Nxe3 19. Qxb2 Bxf4 20. Rf3
Ng4 21. Rh3 Qa7 22. Rf1 Be3 23. e5 g6 24. Qb3 Nf2+ 25. Rxf2 Bxf2 26. Rf3 Bb6
27. Qb4 Bc7 28. Qd4 Qxd4 29. cxd4 Bb6 30. Rf4 Ra8 31. Bc4 Ra4 32. Bb3 Rxd4 33.
Rxd4 Bxd4 34. Ba4 Bxe5 35. g3 Kf8 36. Kg2 Ke7 37. Kf3 h5 38. Kg2 g5 39. Kh3 h4
40. gxh4 gxh4 41. Kxh4 Bxh2 42. Kh3 Bc7 43. Kg2 c5 44. Kf3 d5 45. Kg4 Kd6 46.
Kg5 f5 47. Bb5 c4 48. Ba4 d4 49. a3 Kd5 50. Kf6 c3 51. Bc2 Kc4 52. Bb1 d3 53.
Ba2+ Kd4 54. Kxe6 f4 55. Kd7 c2 56. Be6 c1=Q 57. Bg4 Ke4 58. Ke6 d2 59. Be2 f3
60. Bxf3+ Kxf3 61. Kf6 d1=Q 62. a4 Qh6+ 63. Ke7 Qd8+ 64. Kf7 Qh7+ 65. Ke6 Qhg8+
66. Kf5 Qdd5+ 67. Kf6 0-1

[Event "ICS Rated blitz match"]
[Site "204.178.125.65"]
[Date "2000.02.16"]
[Round "?"]
[White "PostModernist"]
[Black "Hossa"]
[Result "1-0"]
[WhiteElo "2571"]
[BlackElo "2480"]
[PlyCount "104"]

1. e4 e5 2. Nf3 Nc6 3. Bb5 Nf6 4. O-O Bc5 5. d3 d6 6. c3 O-O 7. Nbd2 a6 8. Ba4
b5 9. Bc2 d5 10. exd5 Qxd5 11. Ne4 Be7 12. Bg5 Rd8 13. Bxf6 gxf6 14. Re1 Bg4
15. Ned2 f5 16. h3 Bh5 17. Qe2 Bg5 18. Qf1 Bf4 19. a4 b4 20. g3 bxc3 21. bxc3
Bxd2 22. Nxd2 Rab8 23. Re3 a5 24. Bb3 Qd6 25. Rb1 e4 26. d4 Qg6 27. Qg2 Re8 28.
Kh1 Rb6 29. Qg1 Reb8 30. h4 Bg4 31. Qf1 Qh5 32. Qc4 Rd8 33. d5 Rd7 34. Kg1 Nd8
35. Qf1 Qh6 36. Nc4 Ra6 37. Ne5 Re7 38. Nxg4 fxg4 39. Qe2 Rg6 40. Rxe4 Rxe4 41.
Qxe4 Qf8 42. Bc2 Rg7 43. Rb5 f5 44. Qxf5 Nf7 45. Rxa5 Qd8 46. Bd1 c6 47. Rc5
Rg6 48. Bxg4 Qe8 49. Bh5 Nd6 50. Qf4 Ne4 51. Rxc6 Nxc3 52. Qf5 Ne2+ 1-0

[Event "ICS Rated blitz match"]
[Site "204.178.125.65"]
[Date "2000.02.16"]
[Round "?"]
[White "Hossa"]
[Black "PostModernist"]
[Result "0-1"]
[WhiteElo "2468"]
[BlackElo "2583"]
[PlyCount "164"]

1. e4 c6 2. d4 d5 3. Nc3 dxe4 4. Nxe4 Bf5 5. Ng3 Bg6 6. h4 h6 7. Nf3 Nd7 8. h5
Bh7 9. Bd3 Bxd3 10. Qxd3 Qc7 11. Bd2 e6 12. O-O-O Ngf6 13. Ne4 Nxe4 14. Qxe4
Nf6 15. Qe2 Bd6 16. Qc4 Qb6 17. Rde1 O-O-O 18. Rh4 Rhg8 19. Qa4 Kb8 20. c4 c5
21. d5 exd5 22. cxd5 Bc7 23. Rc4 Rxd5 24. g4 Rgd8 25. Bc3 Rd3 26. Nh4 Rh3 27.
Nf5 Rf3 28. Qc2 Rf4 29. Rxf4 Bxf4+ 30. Kb1 g6 31. hxg6 fxg6 32. Ne7 Nxg4 33.
Nxg6 Bc7 34. f3 Nf6 35. Rh1 Nh5 36. b3 Rd5 37. Ne7 Rg5 38. Qh7 Qd6 39. Qh8+ Bd8
40. Re1 Ka8 41. Ka1 Nf4 42. Nc8 Qd7 43. Ne7 Ne2 44. Bf6 Rg2 45. Nc6 bxc6 46.
Bxd8 Qd4+ 47. Qxd4 cxd4 48. Bf6 d3 49. Kb2 Nd4+ 50. Kc3 d2 51. Rd1 Nxf3 52. Kd3
h5 53. Bc3 h4 54. Ke4 Ng5+ 55. Kf4 h3 56. Bxd2 h2 57. Be3 Nh3+ 58. Kf3 Rg1 59.
Rxg1 hxg1=Q 60. Bxg1 Nxg1+ 61. Ke3 a5 62. Kf2 Nh3+ 63. Kg3 Ng5 64. Kf4 Ne6+ 65.
Ke3 Kb8 66. Kd3 Kc7 67. Kc3 c5 68. Kc4 Kc6 69. Kd3 Kb5 70. Kc3 a4 71. Kb2 Nd4
72. b4 Kxb4 73. a3+ Kc4 74. Ka2 Kd3 75. Kb1 c4 76. Kc1 c3 77. Kd1 Nf3 78. Kc1
c2 79. Kb2 Nd4 80. Ka2 Nb3 81. Kb2 c1=Q+ 82. Ka2 Qc2# 0-1

[Event "ICS Rated blitz match"]
[Site "204.178.125.65"]
[Date "2000.02.16"]
[Round "?"]
[White "Hossa"]
[Black "Zippy"]
[Result "1/2-1/2"]
[WhiteElo "2457"]
[BlackElo "2244"]
[PlyCount "83"]

1. e4 e5 2. Nf3 Nc6 3. Bb5 a6 4. Ba4 d6 5. O-O Nge7 6. d4 b5 7. Bb3 exd4 8. Ng5
Ne5 9. f4 Nc4 10. Bxc4 bxc4 11. Qxd4 h6 12. Nf3 d5 13. Nc3 c6 14. exd5 cxd5 15.
Re1 Be6 16. g3 Qd6 17. Ne4 Qd7 18. Nc5 Qd6 19. Nxe6 fxe6 20. Qe3 Kf7 21. Kh1 g6
22. Ne5+ Kg8 23. Qf3 Rb8 24. Qg4 Kg7 25. Qe2 Rb7 26. b3 Rc7 27. bxc4 d4 28. Bb2
Rb7 29. Rab1 Kh7 30. Nf7 Qb8 31. Nxh8 Rxb2 32. Rxb2 Qxb2 33. Nf7 Nf5 34. Qxe6
Qxc2 35. Qxa6 Qf2 36. Ra1 Qf3+ 37. Kg1 Qe3+ 38. Kg2 Qe2+ 39. Kg1 Qe3+ 40. Kg2
Qe2+ 41. Kg1 Qe3+ 42. Kg2 1/2-1/2

[Event "ICS rated blitz match"]
[Site "204.178.125.65"]
[Date "2000.02.16"]
[Round "?"]
[White "Hossa"]
[Black "baerchen"]
[Result "1/2-1/2"]
[WhiteElo "2448"]
[BlackElo "2484"]
[PlyCount "177"]

1. e4 c6 2. d4 d5 3. Nc3 g6 4. Nf3 Bg7 5. Be2 Nh6 6. O-O f6 7. exd5 cxd5 8. Bf4
Nf7 9. Bxb8 Rxb8 10. Bb5+ Kf8 11. Re1 a6 12. Ba4 e6 13. Qe2 b5 14. Bb3 Bh6 15.
Rad1 Kg7 16. a3 Qd6 17. a4 b4 18. Na2 a5 19. Nc1 Re8 20. Nd3 Ba6 21. Nh4 Re7
22. Qg4 f5 23. Qg3 Bxd3 24. Qxd3 Ng5 25. Nf3 Ne4 26. Qf1 Rc7 27. g3 Kg8 28. Re2
Bg7 29. Qh3 h5 30. Qh4 Bf6 31. Qh3 Kg7 32. Re3 g5 33. Qf1 g4 34. Ne1 h4 35. Ng2
hxg3 36. fxg3 Rh8 37. Nf4 Bg5 38. Rde1 Bxf4 39. gxf4 Kg6 40. R1e2 Rh4 41. Ba2
Rch7 42. Rg2 Kf6 43. Ree2 g3 44. Qc1 gxh2+ 45. Rxh2 Rg4+ 46. Reg2 Rxh2 47. Rxg4
fxg4 48. Kxh2 Kf5 49. c3 Qxf4+ 50. Qxf4+ Kxf4 51. cxb4 axb4 52. a5 Nd6 53. a6
Nb5 54. Bb3 Ke3 55. Kg3 Kxd4 56. Ba4 Na7 57. Kxg4 e5 58. Bc2 Ke3 59. Kf5 e4 60.
Bb3 d4 61. Bd5 d3 62. Bxe4 d2 63. Bc2 Kd4 64. Kf4 Kc5 65. Ke3 Kb6 66. Kxd2 Kxa6
67. Kd3 Ka5 68. Kc4 Nb5 69. Bb3 Nd6+ 70. Kd3 Nf5 71. Be6 Nd6 72. Ke3 Nb5 73.
Bf7 Nc7 74. Kd3 Nb5 75. Bb3 Nd6 76. Bc2 Nb7 77. Kc4 Nd6+ 78. Kc5 Nb5 79. Bd3
Nc7 80. Bc4 Ne8 81. Be2 Nf6 82. Bf3 Nd7+ 83. Kd6 Nb6 84. b3 Na4 85. bxa4 Kxa4
86. Ke6 b3 87. Kf6 b2 88. Bd1+ Ka3 89. Bc2 1/2-1/2

[Event "ICS rated blitz match"]
[Site "204.178.125.65"]
[Date "2000.02.16"]
[Round "?"]
[White "baerchen"]
[Black "Hossa"]
[Result "0-1"]
[WhiteElo "2482"]
[BlackElo "2450"]
[PlyCount "80"]

1. c4 e5 2. Nc3 Nf6 3. Nf3 Nc6 4. e4 Bb4 5. d3 d6 6. h3 O-O 7. g3 a6 8. Bg2 b5
9. cxb5 axb5 10. O-O Bxc3 11. bxc3 Be6 12. a3 Qd7 13. Ng5 d5 14. Nxe6 fxe6 15.
exd5 exd5 16. c4 bxc4 17. dxc4 d4 18. Bg5 h6 19. Bxf6 Rxf6 20. Qd3 Raf8 21. Qe4
R8f7 22. Qd5 Qe8 23. Qb5 e4 24. Rae1 Re6 25. a4 Re5 26. Qb1 d3 27. Re3 Nd4 28.
Qb2 Nc2 29. Qxe5 Qxe5 30. Rxe4 Qc5 31. Re8+ Rf8 32. Bd5+ Kh8 33. Rxf8+ Qxf8 34.
Rd1 Nb4 35. a5 Qc5 36. a6 Nxd5 37. cxd5 Qc2 38. Rf1 d2 39. a7 Qa4 40. Kh2 Qxa7
0-1

[Event "ICS rated bullet match"]
[Site "204.178.125.65"]
[Date "2000.02.16"]
[Round "?"]
[White "MissSilicon"]
[Black "Hossa"]
[Result "1-0"]
[WhiteElo "2511"]
[BlackElo "2495"]
[PlyCount "175"]

1. Nf3 d5 2. c4 e6 3. g3 Nf6 4. Bg2 Be7 5. O-O O-O 6. b3 c5 7. cxd5 exd5 8. Bb2
d4 9. Na3 Nc6 10. Nc4 Bf5 11. d3 Re8 12. Nh4 Bg4 13. Bxc6 bxc6 14. Ne5 Bh5 15.
Nxc6 Qc7 16. Nxe7+ Qxe7 17. f3 Qxe2 18. Ba3 Nd7 19. Rf2 Qe6 20. Qc1 Qe3 21. g4
Bg6 22. Nxg6 hxg6 23. Bxc5 Qxd3 24. Bd6 Rad8 25. Qc7 Nf6 26. Bg3 Rd7 27. Qc6
Rde7 28. g5 Nh7 29. Bd6 Re6 30. Qc5 Nxg5 31. Kg2 Qe3 32. Raf1 Rd8 33. Bc7 Ra8
34. h4 Nh7 35. Rd1 d3 36. Qc4 Qh6 37. Rxd3 Re1 38. Rd7 Rf8 39. Bd6 Rc1 40. Qd4
g5 41. Bxf8 Nxf8 42. Rd8 g6 43. Qe3 Rb1 44. Qxg5 Qh7 45. Ra8 a6 46. Rxa6 Qh8
47. Qf6 Qxf6 48. Rxf6 Ne6 49. Re2 Kg7 50. Rfxe6 fxe6 51. f4 Kf6 52. Kf3 Rh1 53.
Kg3 Rb1 54. Re3 Rg1+ 55. Kf3 Rh1 56. Kg4 Kg7 57. Rxe6 Kf7 58. Re3 Rg1+ 59. Rg3
Ra1 60. a4 Kf6 61. Rc3 Rg1+ 62. Kf3 Ra1 63. Rc6+ Kf5 64. Rc5+ Kf6 65. Kg2 Kg7
66. a5 Kf6 67. b4 Kg7 68. Rc6 Kf7 69. a6 Kg7 70. b5 Ra2+ 71. Kf3 Ra3+ 72. Kg4
Ra5 73. b6 Rxa6 74. b7 Rxc6 75. b8=Q Re6 76. Qc7+ Kf6 77. Qd8+ Kf7 78. f5 Re4+
79. Kg5 gxf5 80. Qf6+ Ke8 81. h5 Re3 82. Qc6+ Kf7 83. Qc4+ Kf8 84. Kf6 Re7 85.
Qc8+ Re8 86. Qc5+ Kg8 87. Qg1+ Kh7 88. Qg7# 1-0

[Event "ICS Rated blitz match"]
[Site "204.178.125.65"]
[Date "2000.02.16"]
[Round "?"]
[White "Kair"]
[Black "Hossa"]
[Result "1-0"]
[WhiteElo "2564"]
[BlackElo "2444"]
[PlyCount "133"]

1. e4 e5 2. Nf3 Nc6 3. Bb5 Nf6 4. O-O Bc5 5. c3 O-O 6. d4 Bb6 7. Bg5 a6 8. Bxc6
dxc6 9. Nxe5 Re8 10. Qf3 h6 11. Bh4 c5 12. dxc5 Bxc5 13. Rd1 Bd6 14. Bxf6 Qxf6
15. Qxf6 gxf6 16. Nc4 Rxe4 17. Nxd6 cxd6 18. Nd2 Re2 19. Kf1 Re5 20. Nc4 Rb5
21. b4 Be6 22. Nxd6 Rb6 23. a4 Rd8 24. Ne4 Bd5 25. Kg1 Re6 26. f3 f5 27. Ng3 f4
28. Nh5 Red6 29. Kf2 Bc4 30. Rxd6 Rxd6 31. Nxf4 Kg7 32. a5 Rd2+ 33. Ke3 Rc2 34.
Kd4 Bb5 35. Rd1 Kg8 36. h4 Rf2 37. Re1 Rd2+ 38. Kc5 Bc6 39. Re2 Rd1 40. c4 Rc1
41. Nd3 Ra1 42. Ne5 Ba4 43. Kb6 f6 44. Ng4 Bc6 45. Nxh6+ Kh7 46. Ng4 Kg6 47.
Re6 Rc1 48. Rxf6+ Kg7 49. Rf4 Rb1 50. Kc5 Rg1 51. Ne5 Be8 52. g4 Re1 53. Rf5
Kh7 54. Kb6 Bg6 55. Nxg6 Re6+ 56. Kxb7 Kxg6 57. c5 Kh7 58. c6 Kg7 59. c7 Re7
60. Kb8 Re8+ 61. c8=Q Rxc8+ 62. Kxc8 Kg6 63. Kd7 Kh6 64. Ke7 Kg7 65. Rg5+ Kh6
66. Kf7 Kh7 67. Rh5# 1-0

[Event "ICS rated blitz match"]
[Site "204.178.125.65"]
[Date "2000.02.16"]
[Round "?"]
[White "Hossa"]
[Black "Kair"]
[Result "0-1"]
[WhiteElo "2433"]
[BlackElo "2575"]
[PlyCount "150"]

1. e4 e5 2. Nf3 Nc6 3. Bb5 a6 4. Ba4 Nf6 5. O-O Be7 6. Re1 b5 7. Bb3 d6 8. c3
O-O 9. h3 Na5 10. Bc2 c5 11. d4 Qc7 12. Nbd2 cxd4 13. cxd4 Nc6 14. Nb3 a5 15.
Be3 a4 16. Nbd2 Be6 17. Bd3 Rfb8 18. Rc1 Qb7 19. d5 Nb4 20. Be2 Bd7 21. a3 Na6
22. b4 axb3 23. Nxb3 Rc8 24. Qd3 Rxc1 25. Rxc1 Rc8 26. Rc2 Rxc2 27. Qxc2 Qc7
28. Qxc7 Nxc7 29. Bd3 Ncxd5 30. exd5 e4 31. Be2 exf3 32. Bxf3 Bf5 33. Nd4 Bd3
34. Nc6 Kf8 35. h4 Bc4 36. Nb4 h5 37. Bg5 Ng4 38. Bxe7+ Kxe7 39. Nc6+ Kd7 40.
Nb4 f5 41. Bxg4 hxg4 42. Kh2 f4 43. h5 Ke7 44. g3 f3 45. Nc6+ Kf7 46. Kg1 Bxd5
47. Nd4 Kf6 48. Nxb5 Ke5 49. Na7 Bf7 50. Nc6+ Kd5 51. Ne7+ Ke6 52. Ng6 Bxg6 53.
hxg6 Kd5 54. Kf1 Kc4 55. Ke1 Kb3 56. Kd2 Kxa3 57. Kc3 Ka2 58. Kc2 d5 59. Kd3
Kb3 60. Kd2 Kb2 61. Kd3 Kc1 62. Kd4 Kd1 63. Ke3 Ke1 64. Kf4 Kxf2 65. Kxg4 d4
66. Kf4 d3 67. g4 Ke2 68. Ke5 f2 69. Kd4 d2 70. Kc5 d1=Q 71. g5 f1=Q 72. Kc6
Qc2+ 73. Kd6 Qf8+ 74. Kd5 Qfc5+ 75. Ke6 Q2f5# 0-1

[Event "ICS Rated blitz match"]
[Site "204.178.125.65"]
[Date "2000.02.16"]
[Round "?"]
[White "Kair"]
[Black "Hossa"]
[Result "1-0"]
[WhiteElo "2585"]
[BlackElo "2423"]
[PlyCount "131"]

1. e4 e5 2. Nf3 Nc6 3. Bb5 Nf6 4. O-O Bc5 5. c3 O-O 6. d4 Bb6 7. Bg5 Re8 8.
Bxc6 dxc6 9. Nxe5 c5 10. Bxf6 Qxf6 11. dxc5 Bxc5 12. Nd3 Bd6 13. Re1 Rd8 14.
Qh5 Qe6 15. h3 Bh2+ 16. Kxh2 Rxd3 17. Qe2 Qd7 18. Kg1 Qd6 19. Na3 Rd2 20. Qe3
Qd8 21. Nc4 Rd7 22. Qf4 Qf8 23. Rad1 Qd8 24. Rxd7 Bxd7 25. Rd1 Qc8 26. Ne3 Bc6
27. Rd4 Qe8 28. Qxc7 Bxe4 29. Nd5 Bxd5 30. Rxd5 b6 31. Kf1 Qc8 32. Qxc8+ Rxc8
33. Rd7 Ra8 34. Ke2 Re8+ 35. Kd3 a6 36. Ra7 Rd8+ 37. Ke3 Re8+ 38. Kf3 Kf8 39.
Rxa6 Re6 40. Ra4 Rf6+ 41. Ke3 Re6+ 42. Re4 Ke7 43. Rxe6+ Kxe6 44. Kd4 Kd7 45.
b4 g5 46. Ke5 Kc7 47. Kf6 Kc6 48. c4 b5 49. cxb5+ Kxb5 50. a3 Ka4 51. Kxf7 h5
52. Kg6 g4 53. Kxh5 gxh3 54. gxh3 Kb5 55. f4 Kb6 56. f5 Kb5 57. f6 Kc4 58. f7
Kb3 59. f8=Q Kc3 60. b5 Kc4 61. b6 Kd5 62. b7 Kd4 63. b8=Q Ke4 64. Qff4+ Kd3
65. Qbb4 Kc2 66. Qfd2# 1-0

[Event "ICS rated blitz match"]
[Site "204.178.125.65"]
[Date "2000.02.16"]
[Round "?"]
[White "Hossa"]
[Black "Kair"]
[Result "0-1"]
[WhiteElo "2414"]
[BlackElo "2594"]
[PlyCount "174"]

1. e4 e5 2. Nf3 Nc6 3. Bb5 a6 4. Ba4 Nf6 5. O-O Be7 6. Re1 b5 7. Bb3 d6 8. c3
O-O 9. h3 Na5 10. Bc2 c5 11. d4 Qc7 12. Nbd2 cxd4 13. cxd4 Nc6 14. Nb3 a5 15.
Be3 a4 16. Nbd2 Be6 17. Bd3 Rfb8 18. Rc1 Qb7 19. d5 Nb4 20. Be2 Bd7 21. a3 Na6
22. Bd3 Rc8 23. Qe2 h6 24. Bc2 Nc5 25. Bb1 Na6 26. Bd3 Rab8 27. b3 axb3 28.
Nxb3 Nc5 29. Nxc5 dxc5 30. Qb2 c4 31. Bc2 c3 32. Qb3 Ra8 33. Ra1 Qc7 34. Bd3
Bd6 35. Reb1 Rcb8 36. Rc1 b4 37. axb4 Rxa1 38. Rxa1 Rxb4 39. Ra8+ Bc8 40. Qc2
Rb2 41. Qc1 Ne8 42. Ra7 Rb7 43. Ra4 Bb4 44. Qc2 Bd7 45. Ra8 Bd6 46. Qc1 Bb4 47.
Ba6 Rb8 48. Ra7 Qd6 49. Bd3 Nc7 50. Nxe5 Qxe5 51. Bf4 Qd4 52. Qe3 Qxe3 53. fxe3
Bb5 54. Bc2 Nxd5 55. Bxb8 Nxe3 56. Bb3 c2 57. Rc7 Bd3 58. Bxf7+ Kh7 59. Rc8 Bc4
60. Bg8+ Bxg8 61. Bf4 Be6 62. Rc6 Bd7 63. Rc7 Ba5 64. Bxe3 Bxc7 65. Bc1 Bc6 66.
g4 g5 67. e5 Bxe5 68. Ba3 Bd6 69. Bb2 Bf4 70. Kf2 c1=Q 71. Bxc1 Bxc1 72. Kf1
Ba3 73. Kf2 Bc5+ 74. Kg3 Bg1 75. h4 gxh4+ 76. Kxh4 Bf2+ 77. Kh3 Bf3 78. Kh2 Kg6
79. Kh3 Kg5 80. Kh2 Kh4 81. g5 Bg3+ 82. Kg1 Kxg5 83. Kf1 h5 84. Kg1 h4 85. Kf1
h3 86. Kg1 h2+ 87. Kf1 h1=Q# 0-1

[Event "ICS rated blitz match"]
[Site "204.178.125.65"]
[Date "2000.02.16"]
[Round "?"]
[White "Hossa"]
[Black "brutus"]
[Result "1-0"]
[WhiteElo "2406"]
[BlackElo "2081"]
[PlyCount "97"]

1. e4 e6 2. d4 d5 3. Nc3 Nf6 4. Bg5 Bb4 5. e5 h6 6. Bd2 Bxc3 7. bxc3 Ne4 8. Nf3
c5 9. Bd3 Nxd2 10. Qxd2 c4 11. Be2 Bd7 12. Rb1 b6 13. O-O Ba4 14. Rfe1 Nc6 15.
Bd1 O-O 16. Be2 Ne7 17. Rb2 Nf5 18. Qf4 Qe7 19. Qd2 Rfb8 20. Reb1 Rb7 21. Rb4
Bc6 22. R4b2 b5 23. Ra1 a5 24. a3 Rab8 25. Qc1 b4 26. cxb4 axb4 27. axb4 Rxb4
28. Rxb4 Qxb4 29. Ra6 Bb5 30. c3 Qe7 31. Ra2 Qc7 32. Bd1 Qc6 33. Bc2 Ra8 34.
Rxa8+ Qxa8 35. Qb1 Ba4 36. Bxa4 Qxa4 37. g4 Ne7 38. Qb8+ Kh7 39. Qf8 Qd1+ 40.
Kg2 Ng6 41. Qxf7 Qc1 42. Kg3 Qxc3 43. Qxe6 Qc1 44. Qf7 c3 45. e6 c2 46. Qf5 Qa3
47. Qxc2 Qd6+ 48. Ne5 Qxe6 49. h4 1-0